[Event "Titled Tuesday intern op 14th Dec"]
[Site "Chess.com INT"]
[Date "2021.12.14"]
[Round "4"]
[White "Tsyhanchuk, Stanislav"]
[Black "Sprenar, Petr"]
[Result "0-1"]
[WhiteElo "2283"]
[BlackElo "2269"]
[PlyCount "136"]
[EventDate "2021.12.14"]
[EventType "swiss (blitz)"]
[EventRounds "11"]
[EventCountry "USA"]
[SourceTitle "EXT 2023"]
[Source "ChessBase"]
[SourceDate "2022.10.05"]
[SourceVersion "1"]
[SourceVersionDate "2022.10.05"]
[SourceQuality "1"]

1. d4 d5 2. c4 e6 3. Nc3 Bb4 4. Nf3 Nf6 5. cxd5 exd5 6. Bg5 h6 7. Bh4 g5 8. Bg3 Ne4 9. Nd2 Nxg3 10. hxg3 c6 11. e3 Be6 12. Bd3 Nd7 13. e4 dxe4 14. Ndxe4 Nf6 15. Nxg5 Qxd4 16. Nxe6 Bxc3+ 17. bxc3 Qxc3+ 18. Kf1 fxe6 19. Bg6+ Ke7 20. Rb1 Rab8 21. Rc1 Rbd8 22. Qxd8+ Rxd8 23. Rxc3 Rd1+ 24. Ke2 Rxh1 25. Ra3 a6 26. Rb3 b5 27. Ra3 Nd5 28. Rxa6 Kd6 29. Be8 Nb4 30. Ra3 Ra1 31. Kf3 Rxa2 32. Rb3 Nd5 33. Bg6 b4 34. Be4 c5 35. Bd3 Ra3 36. Bc4 Rxb3+ 37. Bxb3 Nb6 38. Ke4 c4 39. Bd1 Kc5 40. f4 b3 41. g4 Kb4 42. g5 hxg5 43. fxg5 Nd7 44. g6 Nf6+ 45. Ke5 Ng8 46. Kxe6 c3 47. Kf7 Nh6+ 48. Kg7 c2 49. Bxc2 bxc2 50. Kxh6 c1Q+ 51. Kh7 Qh1+ 52. Kg7 Qxg2 53. Kf7 Qf3+ 54. Kg7 Qf5 55. Kh7 Qh5+ 56. Kg7 Kc5 57. Kf6 Qh8+ 58. g7 Qg8 59. Kg6 Kd6 60. Kf6 Kd7 61. Kg6 Ke7 62. Kh6 Kf7 63. Kh5 Qxg7 64. Kh4 Kf6 65. Kh3 Kf5 66. Kh2 Kf4 67. Kh1 Kf3 68. Kh2 Qg2# 0-1

[Event "Titled Tuesday intern op 14th Dec"]
[Site "Chess.com INT"]
[Date "2021.12.14"]
[Round "6"]
[White "Vantika, Agrawal"]
[Black "Sprenar, Petr"]
[Result "1-0"]
[WhiteElo "2381"]
[BlackElo "2269"]
[PlyCount "83"]
[EventDate "2021.12.14"]
[EventType "swiss (blitz)"]
[EventRounds "11"]
[EventCountry "USA"]
[SourceTitle "EXT 2023"]
[Source "ChessBase"]
[SourceDate "2022.10.05"]
[SourceVersion "1"]
[SourceVersionDate "2022.10.05"]
[SourceQuality "1"]

1. d4 d5 2. Nf3 e6 3. Bf4 Nf6 4. c3 c5 5. e3 Nc6 6. Bd3 Qb6 7. Qc2 Be7 8. Nbd2 0-0 9. 0-0 Bd7 10. Ne5 h6 11. Ndf3 Rac8 12. Qe2 Nxe5 13. Nxe5 a6 14. a4 Bc6 15. a5 Qd8 16. Qf3 Bd6 17. Qh3 Bb5 18. Bxb5 axb5 19. dxc5 Bxc5 20. Nd3 Bd6 21. Bxd6 Qxd6 22. Qh4 Rc4 23. Qg3 Ne4 24. Qxd6 Nxd6 25. Rfd1 Ra8 26. Nb4 Kf8 27. f3 Ke7 28. Kf2 g5 29. g4 Ne8 30. h4 Nf6 31. Rh1 e5 32. hxg5 hxg5 33. Kg3 d4 34. exd4 exd4 35. Rhe1+ Kf8 36. Ra3 dxc3 37. bxc3 Rac8 38. Re5 Rxc3 39. Rxc3 Rxc3 40. Rxb5 Ne4+ 41. Kg2 Rc2+ 42. Nxc2 1-0

[Event "CZE-chT2B 2122"]
[Site "Czech Republic"]
[Date "2021.11.21"]
[Round "3.1"]
[White "Sprenar, Petr"]
[Black "Freisler, Pavel"]
[Result "1-0"]
[WhiteElo "2259"]
[BlackElo "2242"]
[PlyCount "117"]
[EventDate "2021.10.17"]
[EventType "team-tourn"]
[EventRounds "11"]
[EventCountry "CZE"]
[SourceTitle "EXT 2025"]
[Source "ChessBase"]
[SourceDate "2024.10.14"]
[SourceVersion "1"]
[SourceVersionDate "2024.10.14"]
[SourceQuality "1"]
[WhiteTeam "Karlovy Vary Tietz"]
[BlackTeam "Kladno"]
[WhiteTeamCountry "CZE"]
[BlackTeamCountry "CZE"]

1. d4 Nf6 2. c4 e6 3. g3 d5 4. Nf3 Bb4+ 5. Bd2 Be7 6. Bg2 0-0 7. 0-0 Nbd7 8. Qc2 c6 9. Rd1 b6 10. b3 Bb7 11. Nc3 Rc8 12. e4 dxe4 13. Nxe4 c5 14. Nxf6+ Nxf6 15. Bc3 Qc7 16. dxc5 Qxc5 17. Ng5 Qxg5 18. Bxb7 Rcd8 19. Bf3 Nd7 20. Bd2 Qc5 21. b4 Qc7 22. Be4 f5 23. Bg2 Ne5 24. Rac1 Nd3 25. Rb1 e5 26. Bf1 e4 27. Bxd3 Rxd3 28. Bf4 Qd7 29. Rxd3 exd3 30. Qb3 Kh8 31. Rd1 Rd8 32. Be5 Qe6 33. Qc3 Bf8 34. Bd4 Bxb4 35. Bxg7+ Kg8 36. Qxb4 Kxg7 37. Qc3+ Qf6 38. Rxd3 Rxd3 39. Qxd3 Qa1+ 40. Kg2 Qxa2 41. Qd7+ Kf6 42. Qd6+ Kf7 43. Qc7+ Kg6 44. h4 Qe2 45. Qxa7 Qe4+ 46. Kh2 Qd4 47. Qa2 Qc5 48. Qe2 Qc6 49. Qd3 Kf6 50. Qd4+ Kg6 51. Qf4 Qc5 52. g4 fxg4 53. Qxg4+ Kh6 54. Kg3 Qe7 55. Qf5 Qg7+ 56. Kh2 Qe7 57. Kh3 Qd8 58. f4 Kg7 59. Qg5+ 1-0